000 00469nam a22001817a 4500
003 CEME
005 20210628210741.0
008 210204b xxu||||| |||| 00| 0 eng d
020 _a81-203-2401-3
040 _c.
082 _a621.3825 RAO
100 _aRao, K.N.Raja
_980848
245 _aFundamentals of satellite communication
260 _aNEW DELHI
_bPRENTICE HALL
_c2004
300 _aXIV,298P
650 _aSATELLITE COMMUNICATION
_980849
942 _cBK
_2ddc
999 _c585704
_d585704